| 000 | 00720cam a22002413a 4500 | ||
|---|---|---|---|
| 001 | 17803 | ||
| 003 | BD-RjUL | ||
| 005 | 20211209000208.0 | ||
| 008 | 140219r19661956e 000 0deng | ||
| 035 | _a(BD-RjUL)17861 | ||
| 040 |
_aDLC _cDLC _beng _dBD-RjUL |
||
| 041 | _aeng | ||
| 082 | 0 | 4 |
_a822.33 _bWIN 1966 |
| 100 |
_aShakespeare, William, _d1564-1616. _9243025 |
||
| 245 | 0 | 4 |
_aThe winter's tale / _cedited by S.L. Bethell. |
| 260 |
_aOxford : _bClarendon, _c1956 [reprinted 1966]. |
||
| 300 |
_a255 p. ; _c18 cm. |
||
| 650 | 1 |
_aShakespeare, William, -- 1564-1616. -- Winter's tale. _954928 |
|
| 700 | 1 |
_aBethell, S. L _9243026 |
|
| 942 |
_2ddc _cBK |
||
| 999 |
_c17803 _d17803 |
||